1556 1932 1632 1916 1037 1363 1144 1617 1229 1475 1108 1467 1525 2000 1855 1360 1059 1012 1556 1343 1688 1914 1703 1201 1958 1944 1083 1643 1125 1001 1371 1391 1654 1122 1331 1803 1171 1852 1247 1806 1730 1270 1161 1422 1557 1267 1786 1359 1062 1649 1948 1413 1169 1994 1318 1622 1549 1862 1806 1998 1708 1290 1924 1933 1131 1379 1034 1197 1056 1620 1991 1423 1133 1250 1570 1301 1512 1771 1241 1421 1285 1451 1592 1522 1840 1023 1384 1369 1733 1457 1867 1580 1351 1815 1053 1965 1035 1658 1064 BCNSPRNW ULIB Ver.6.0+V

เปลี่ยนเป็นภาษาไทย

Change to English
 แสดงรายละเอียดบรรณานุกรม
  กลับหน้าหลัก

Brief Record : Get Marc (ISO 2709) : E-mail record : QR code < ปิดหน้าต่าง
LEADER : 00000nam 2200000uu 4500
001    13399114962
003     ULIB
008    120626s2549||||th 000 0 tha d
020    ^a9789749483022
060 04 ^aQW4^bจ483จ 2549
100 0  ^aจินตนา อาจสันเที๊ยะ
245 10 ^aจุลชีววิทยาและภูมิคุ้มกันวิทยาสำหรับพยาบาล =^bMicrobiologyand immunology for nurse /^cจินตนา อาจสันเที๊ยะ
246 31 ^aMicrobiology and immunology for nurse
250    ^aพิมพ์ครั้งที่ 1
260    ^aกรุงเทพฯ :^bบางกอกบล๊อก,^c2549
300    ^a150 หน้า :^bภาพประกอบ ;^c30 ซม.
650  7 ^aจุลชีววิทยา
650  7 ^aภูมิคุ้มกันวิทยา
945    ^p185^l0^i15747
945    ^p185^l0^i14759
945    ^p185^l0^i15748
995    ^a เกษร
999    ^aใช้งานได้ทุกระบบ
รายการนี้ยังไม่มีแท็ก
คุณยังไม่ได้ล็อกอิน คุณสามารถมีกิจกรรมร่วมกับเว็บไซต์ได้ แต่ต้องล็อกอินก่อน ::
  ล็อกอิน

รายการสื่อสารสนเทศ

ลำดับที่ ประเภท เลขเรียก/บาร์โค้ด สถานที่ สถานะ
- ไม่พบข้อมูล -

รายการใกล้เคียง
    ผู้แต่ง [จินตนา อาจสันเที๊ยะ]

    หัวเรื่อง [จุลชีววิทยา]
    หัวเรื่อง [ภูมิคุ้มกันวิทยา]

BibComment


ยังไม่เคยถูกคอมเมนท์

คอมเมนท์ทรัพยากรรายการนี้
  คอมเมนท์: จุลชีววิทยาและภู..


 Copyright 2026. Bcnsprnw @Library